Auditing & assurance services / (Record no. 328)

000 -LEADER
fixed length control field 01073cam a2200337 a 4500
001 - CONTROL NUMBER
control field 15978787
003 - CONTROL NUMBER IDENTIFIER
control field OSt
005 - DATE AND TIME OF LATEST TRANSACTION
control field 20140116120824.0
007 - PHYSICAL DESCRIPTION FIXED FIELD--GENERAL INFORMATION
fixed length control field co |g|||||||||
008 - FIXED-LENGTH DATA ELEMENTS--GENERAL INFORMATION
fixed length control field 091109s2011 nyua b 001 0 eng
010 ## - LIBRARY OF CONGRESS CONTROL NUMBER
LC control number 2009045068
020 ## - INTERNATIONAL STANDARD BOOK NUMBER
International Standard Book Number 9780071221016
035 ## - SYSTEM CONTROL NUMBER
System control number (OCoLC)ocn465329727
040 ## - CATALOGING SOURCE
Original cataloging agency DLC
Transcribing agency DLC
Modifying agency YDX
-- YDXCP
-- DLC
050 00 - LIBRARY OF CONGRESS CALL NUMBER
Classification number HF5667.A93 2011
245 00 - TITLE STATEMENT
Title Auditing & assurance services /
Statement of responsibility, etc Timothy J. Louwers ... [et al.].
246 3# - VARYING FORM OF TITLE
Title proper/short title Auditing and assurance services
250 ## - EDITION STATEMENT
Edition statement 4th ed.
260 ## - PUBLICATION, DISTRIBUTION, ETC. (IMPRINT)
Place of publication, distribution, etc New York :
Name of publisher, distributor, etc McGraw-Hill Irwin,
Date of publication, distribution, etc 2011.
300 ## - PHYSICAL DESCRIPTION
Extent xxiv, 915 p. :
Other physical details ill.
504 ## - BIBLIOGRAPHY, ETC. NOTE
Bibliography, etc Includes bibliographical references and index.
650 #0 - SUBJECT ADDED ENTRY--TOPICAL TERM
Topical term or geographic name as entry element Auditing.
700 1# - ADDED ENTRY--PERSONAL NAME
Personal name Louwers, Timothy J.
700 1# - ADDED ENTRY--PERSONAL NAME
Personal name Ramsay, Robert J.
700 1# - ADDED ENTRY--PERSONAL NAME
Personal name Sinason, David H.
700 1# - ADDED ENTRY--PERSONAL NAME
Personal name Strawswer, Jerry R.
700 1# - ADDED ENTRY--PERSONAL NAME
Personal name Thibodeau, Jay C.
906 ## - LOCAL DATA ELEMENT F, LDF (RLIN)
a 7
b cbc
c orignew
d 1
e ecip
f 20
g y-gencatlg
942 ## - ADDED ENTRY ELEMENTS (KOHA)
Source of classification or shelving scheme
Koha item type Book
Holdings
Withdrawn status Lost status Source of classification or shelving scheme Damaged status Not for loan Home library Current library Date acquired Source of acquisition Total Checkouts Full call number Barcode Date last seen Date checked out Copy number Price effective from Koha item type
          Riara University Library Riara University Library 17/10/2011 Purchase 1 HF5667.A93 2011 2188/11 03/11/2022 08/09/2022 C.1 17/10/2011 Book
          Riara University Library Riara University Library 17/10/2011 Purchase   HF5667.A93 2011 2190/11 17/10/2011   C.2 17/10/2011 Book
          Riara University Library Riara University Library 17/10/2011 Purchase   HF5667.A93 2011 2189/11 17/10/2011   C.3 17/10/2011 Book
          Riara University Library Riara University Library 26/10/2011 Purchase   HF5667.A93 2011 1670/11 26/10/2011   C.4 26/10/2011 Book
          Riara University Library Riara University Library 26/10/2011 Purchase   HF5667.A93 2011 1672/11 26/10/2011   C.5 26/10/2011 Book
          Riara University Library Riara University Library 26/10/2011 Purchase   HF5667.A93 2011 1671/11 26/10/2011   C.6 26/10/2011 Book

Riara University Library,
P.O. Box 49940-00100,
Nairobi, Kenya.